| 000 | 00745cam a22002295a 4500 | ||
|---|---|---|---|
| 001 | 3622242 | ||
| 005 | 20180121113101.0 | ||
| 008 | 731004s1972 ke a frb 000 0 eng d | ||
| 040 |
_aDLC _cDLC _dDLC _dEG-ScBUE _beng |
||
| 043 | _afe----- | ||
| 082 | 0 | 4 |
_a301.3630967 _222 _bURB |
| 245 | 0 | 0 |
_aUrban challenge in East Africa / _ceditor John Hutton. |
| 260 |
_a[Nairobi] : _bEast African Pub. House, _c[1972] |
||
| 300 |
_a285 p. : _bill. ; _c22 cm. |
||
| 504 | _aIncludes bibliographical references. | ||
| 650 | 7 |
_aCities and towns _zAfrica, East. _2BUEsh |
|
| 650 | 7 |
_aUrbanization _zAfrica, East. _2BUEsh |
|
| 653 |
_bGGEN _cJanuary2018 |
||
| 700 | 1 |
_aHutton, John, _eeditor. |
|
| 906 |
_a7 _bcbc _corignew _d4 _encip _f19 _gy-gencatlg |
||
| 942 | _2ddc | ||
| 999 |
_c25966 _d25938 |
||